000 00300nam a22001217a 4500
008 181129b xxu||||| |||| 00| 0 eng d
041 _aeng
080 _a043.3
100 _a0
101 _aBTH-MBE
245 _aRoli i sistemit Bankar e kreditor në zhvillimin Ekonomik
_cGogaj,A
942 _2udc
_cBK
999 _c52650
_d52650